| 000 | 00502 a2200181 4500 | ||
|---|---|---|---|
| 003 | OSt | ||
| 005 | 20231103155850.0 | ||
| 008 | 231103b |||||||| |||| 00| 0 eng d | ||
| 020 | _a9789382934462 | ||
| 040 | _coclc | ||
| 082 |
_a920 _bALT/N |
||
| 100 |
_aAlthaf, K M _99829 |
||
| 245 |
_aNavothana Samskrithiyude Speaker : Seethi Sahib / _cK M Althaf |
||
| 250 | _a3rd ed. | ||
| 260 |
_aKerala: _bOlive, _c2015. |
||
| 300 | _a543p | ||
| 942 |
_2ddc _cBK _h920 _iALT/N _k920 _mALT/N |
||
| 999 |
_c42803 _d42803 |
||